000 00527njm a2200181 i 4500
001 C2-0228409
003 PPAK
005 20180729152204.0
008 000820s1997 my |||| ||||| | may d
040 _aPPAK
_beng
_cPPAK
_erda
245 0 0 _aDialog masa dengan MB Kedah di Bangunan Tunku
264 1 _aAlor Setar, Kedah :
_bPerbadanan Perpustakaan Awam Kedah ,
_c1997
336 _2rdacontent
_atext
337 _2rdamedia
_aunmediated
338 _2rdacarrier
_avolume
500 _aDirakam pada 03/06/1997
942 _ddc
_cB
999 _c163239
_d163239